000 01013nam a2200313 i 4500
001 bg
003 BPK
005 20221013110537.0
008 040519s1976 pl a f f |001 0 pol
015 _aPB 1976/4293
040 _cBPK
041 0 _apol
080 _a66.01/.09
080 _a539.2
100 1 _aHobler, Tadeusz
_d(1899-1975)
_eAutor
245 1 0 _aDyfuzyjny ruch masy i absorbery /
_cTadeusz Hobler.
250 _aWyd. 2 zm. i uzup.
260 _aWarszawa :
_bWydawnictwa Naukowo-Techniczne,
_c1976.
300 _a612, [2] s. :
_bil., tab., wykr., err. ;
_c25 cm.
490 1 _aInżynieria Chemiczna.
504 _aBibliogr. s. 604-606. Indeks.
650 4 _aTechnologia chemiczna
650 4 _aAbsorpcja
650 4 _aDyfuzja
710 2 _aWydawnictwa Naukowo-Techniczne
_4pbl.
856 _uhttp://koha.tu.koszalin.pl/cgi-bin/koha/opac-detail.pl?biblionumber=16818
_yKatalog online BPK
830 0 _aInżynieria Chemiczna
942 _2UKD
_cKS
999 _c16818
_d16818